Stuck to your guns? (Record no. 70174)

MARC details
000 -LEADER
fixed length control field 01103cam a2200205 4500
001 - CONTROL NUMBER
control field ABS65363
008 - FIXED-LENGTH DATA ELEMENTS--GENERAL INFORMATION
fixed length control field 020507n2002 000 0 eng u
035 ## - SYSTEM CONTROL NUMBER
System control number (Sirsi) u117847
100 ## - MAIN ENTRY--PERSONAL NAME
Personal name Elliott, T
245 ## - TITLE STATEMENT
Title Stuck to your guns?
260 ## - PUBLICATION, DISTRIBUTION, ETC.
Date of publication, distribution, etc. 2002
490 ## - SERIES STATEMENT
Series statement Building
Volume/sequential designation 267(8229) 12 April 2002, 50(1)
520 ## - SUMMARY, ETC.
Summary, etc. Looks at recent decision in "R G Carter v Edmund Nuttall" where introduction of radical new arguments resulted in substantial award against claimant, which he appealed. Concludes that barring new arguments and evidence would be extreme, but it can produce situations where adjudicator may make decision he has no jurisdiction over. Expects Court of Appeal to provide guidance of degree of new arguments allowable.
590 ## - LOCAL NOTE (RLIN)
Local note ABS
650 ## - SUBJECT ADDED ENTRY--TOPICAL TERM
Topical term or geographic name entry element RG CARTER V EDMUND NUTTALL
650 ## - SUBJECT ADDED ENTRY--TOPICAL TERM
Topical term or geographic name entry element EXTENSIONS OF TIME
650 ## - SUBJECT ADDED ENTRY--TOPICAL TERM
Topical term or geographic name entry element MANAGEMENT-DISPUTE AVOIDANCE, MANAGEMENT AND RESOLUTION-DISPUTE MANAGEMENT AND RESOLUTION-ALTERNATIVE DISPUTE RESOLUTION-ADJUDICATION
690 ## - LOCAL SUBJECT ADDED ENTRY--TOPICAL TERM (OCLC, RLIN)
Topical term or geographic name as entry element MANGEMENT-DISPUTE AVOIDANCE, MANAGEMENT AND RESOLUTION-DISPUTE MANAGEMENT AND RESOLUTION
942 ## - ADDED ENTRY ELEMENTS (KOHA)
Suppress in OPAC 0
Holdings
Withdrawn status Lost status Source of classification or shelving scheme Damaged status Not for loan Home library Current library Shelving location Date acquired Total Checkouts Full call number Barcode Date last seen Copy number Price effective from Koha item type
    Dewey Decimal Classification     London London Journal article 07/05/2002   ABS65363 117847-1001 06/08/2019 1 06/08/2019 Journal article